The Baldrige quality system : the do-it-yourself way to transform your business
This guide demonstrates how the use of the Baldridge quality control system can help businesses grasp the elusive concepts of quality improvement. It demonstrates how to use the Baldridge application process to enhance the performance of any organization.
محفوظ في:
| المؤلف الرئيسي: | |
|---|---|
| التنسيق: | كتاب |
| اللغة: | Undetermined |
| منشور في: |
New York
J. Wiley & Sons
1992
|
| الموضوعات: | |
| الوسوم: |
إضافة وسم
لا توجد وسوم, كن أول من يضع وسما على هذه التسجيلة!
|
| Thư viện lưu trữ: | Trung tâm Học liệu Trường Đại học Cần Thơ |
|---|
| LEADER | 00890nam a2200217Ia 4500 | ||
|---|---|---|---|
| 001 | CTU_95091 | ||
| 008 | 210402s9999 xx 000 0 und d | ||
| 082 | |a 658.4013 | ||
| 082 | |b G347 | ||
| 100 | |a George, Stephen | ||
| 245 | 4 | |a The Baldrige quality system : | |
| 245 | 4 | |b the do-it-yourself way to transform your business | |
| 245 | 0 | |c Stephen George. | |
| 260 | |a New York | ||
| 260 | |b J. Wiley & Sons | ||
| 260 | |c 1992 | ||
| 520 | |a This guide demonstrates how the use of the Baldridge quality control system can help businesses grasp the elusive concepts of quality improvement. It demonstrates how to use the Baldridge application process to enhance the performance of any organization. | ||
| 650 | |a Malcolm baldrige national quality award.,Total quality management | ||
| 650 | |z United states | ||
| 904 | |i Năm | ||
| 980 | |a Trung tâm Học liệu Trường Đại học Cần Thơ | ||